000 00762nas a2200253 4500
001 BR8001769
003 BR-BrBNA
005 20231205084245.0
007 ta
008 230509b bl.|||p| |||| 00| 00por d
040 _aBR-BrBNA
_bpor
_cBiblioteca Nacional de Agricultura
041 _a(Pt)
072 _aL30
100 1 _aGraca, D.S.
245 1 _aVitamina A e minerais para bovinos em confinamento
650 _aNutricao animal
650 _aBovino
650 _aVitamina A
650 _aMineral
650 _aConfinamento
773 0 _tInforme Agropecuario - Empresa de Pesquisa Agropecuaria de Minas Gerais (Brazil)
_xISSN 0100-3364
_g(Sep 1980), v. 6(69) p. 31-32
_wBR8001769
909 _a202311
_bLúcia
_c55
_dLúcia Elande
942 _2AGRIS
_n0
_cANA
999 _c104082
_d104082